000 00628nam a2200193 a 4500
001 000009693
005 20240412074212.0
008 091001s1991 dr a 000 p spa d
040 _aDO-SdBNP
_bBNPD
_cBNPHU
082 _aRD861.44
_bB142p
100 1 _aBáez Ureña, José Enrique
_d1962-
_924588
245 1 0 _aPrólogo a la libertad /
_cJosé Enrique Báez Ureña.
260 _aSanto Domingo :
_bImpretur,
_c1991.
300 _a84 p. : ;
_c20 cm.
500 _aIncluye datos biográficos del autor en la contra porta del documento
650 0 _aPoesía dominicana
_966
650 0 _aLiteratura dominicana.
_967
049 _aBNPD
999 _c9453
_d9453